[Event "Tournoi Skype 032B"]
[Site "Skype"]
[Date "????.??.??"]
[Round "2.6"]
[White "Conde, Abigail"]
[Black "Ponz Lazaro, Ruperto"]
[Result "1-0"]
[WhiteElo "1485"]
[BlackElo "1558"]
[PlyCount "109"]

1. e4 d5 2. e5 Bf5 3. d4 e6 4. Nd2 a6 5. c4 c6 6. a3 Qa5 7. b4 Bxb4 8. Be2 dxc4
9. Bxc4 b5 10. Be2 Bc3 11. Ra2 Bb1 12. Qb3 Bxa2 13. Qxa2 Bxd4 14. Ngf3 Bc3 15.
O-O Bxd2 16. Bxd2 Qc7 17. Bb4 c5 18. Qc2 Nd7 19. Bd2 Nxe5 20. Nh4 Ng6 21. Nf3
N8e7 22. Qe4 O-O 23. Bg5 Nf5 24. h4 h6 25. h5 Nge7 26. Bf4 Qc6 27. Qe5 Rad8 28.
Qc3 Nd5 29. Qe5 Nxf4 30. Qxf4 Qd6 31. Qe4 Nd4 32. Nxd4 Qxd4 33. Qc2 Qd2 34. Qe4
Rd4 35. Qf3 Rf4 36. Qe3 Rd4 37. Qe5 Qg5 38. Qc7 Rfd8 39. Qc6 Ra4 40. Rd1 Rxd1+
41. Bxd1 Qe7 42. Bxa4 bxa4 43. Qxa6 Qg5 44. Qxa4 Qxh5 45. Qe8+ Kh7 46. a4 c4
47. Qc6 Qd5 48. Qc7 Qd1+ 49. Kh2 Qxa4 50. Qe5 Qc2 51. f4 Qd3 52. g4 c3 53. g5
c2 54. gxh6 c1=Q 55. Qxg7# 1-0

[Event "Tournoi Skype 032B"]
[Site "Skype"]
[Date "????.??.??"]
[Round "2.7"]
[White "Sauvaget, Joel"]
[Black "Vervoort, Jean-Louis"]
[Result "1/2-1/2"]
[WhiteElo "1553"]
[BlackElo "1459"]
[PlyCount "64"]

1. d4 d5 2. Nf3 Bf5 3. c3 Nf6 4. Nbd2 e6 5. e3 Bd6 6. h3 O-O 7. Be2 Nbd7 8. O-O
c6 9. Re1 Qc7 10. Nf1 Rfe8 11. Bd3 Bxd3 12. Qxd3 e5 13. dxe5 Nxe5 14. Nxe5 Bxe5
15. Qe2 Qe7 16. Bd2 Bc7 17. Rad1 Ne4 18. Bc1 Qd6 19. Qf3 Re7 20. Rd3 Rae8 21.
Red1 Qe5 22. c4 Ng5 23. Qe2 Qd6 24. cxd5 c5 25. b3 b6 26. Qc2 Ne4 27. Bb2 b5
28. Qe2 c4 29. bxc4 bxc4 30. Rd4 c3 31. Bc1 h6 32. Qc2 g5 1/2-1/2

[Event "Tournoi Skype 032B"]
[Site "Skype"]
[Date "????.??.??"]
[Round "2.8"]
[White "Reese, Evan"]
[Black "Hernandez Monzon, Alejandro"]
[Result "0-1"]
[WhiteElo "1484"]
[BlackElo "1552"]
[PlyCount "50"]

1. e4 e5 2. Nf3 Nc6 3. Bc4 h6 4. O-O Nf6 5. d3 b6 6. Nc3 d6 7. h3 Bb7 8. Be3
Qd7 9. a3 O-O-O 10. b4 g5 11. d4 exd4 12. Nxd4 Bg7 13. Bd3 g4 14. e5 Nxd4 15.
Bxd4 dxe5 16. Bxe5 gxh3 17. Bxf6 Bxf6 18. Qh5 Kb8 19. Bf5 Qc6 20. Bxh3 Bxc3 21.
Rab1 Rhg8 22. f3 Bd4+ 23. Kh1 Bc8 24. Rf2 Bxf2 25. Qxf7 Bxh3 0-1

[Event "Tournoi Skype 032B"]
[Site "Skype"]
[Date "????.??.??"]
[Round "2.9"]
[White "Koohnavard, Neda"]
[Black "Borg, Anthony"]
[Result "1-0"]
[WhiteElo "1481"]
[BlackElo "1548"]
[PlyCount "91"]

1. d4 e6 2. e4 d6 3. Nc3 c6 4. Nf3 Nf6 5. Bg5 Be7 6. Bd3 h6 7. Bh4 Nbd7 8. O-O
Ng4 9. Bxe7 Qxe7 10. h3 Nge5 11. dxe5 dxe5 12. a3 O-O 13. Nh2 Nf6 14. f4 exf4
15. Rxf4 Qc5+ 16. Kh1 Qe5 17. Qf1 b6 18. Ng4 Nxg4 19. Rxg4 g6 20. h4 h5 21. Rg5
Qg7 22. Qf4 f6 23. Rg3 e5 24. Bc4+ Kh7 25. Qf2 Bg4 26. Be2 Bxe2 27. Nxe2 Rad8
28. Qf1 Rd2 29. Rc3 c5 30. Rd1 Rxd1 31. Qxd1 Qb7 32. Ng3 Qc7 33. Rd3 Rf7 34.
Qf3 Rg7 35. Qxf6 Rf7 36. Qg5 Rg7 37. Rd5 Qf7 38. Kg1 Qf4 39. Qxe5 Qxe5 40. Rxe5
Rd7 41. Rd5 Rf7 42. e5 Rf4 43. e6 Rxh4 44. Re5 Rd4 45. e7 Rd8 46. exd8=Q 1-0

[Event "Tournoi Skype 032B"]
[Site "Skype"]
[Date "????.??.??"]
[Round "2.10"]
[White "Munera Garcia, Lina Marcela"]
[Black "Castanha, Marco"]
[Result "0-1"]
[WhiteElo "1478"]
[BlackElo "1547"]
[PlyCount "89"]

1. e4 e5 2. Nf3 Nc6 3. d3 Bc5 4. Nbd2 Nf6 5. c3 O-O 6. b4 Bb6 7. Bb2 d5 8. Be2
a6 9. O-O dxe4 10. dxe4 Bg4 11. Qc2 Nh5 12. h3 Bxf3 13. Bxf3 Nf4 14. Nc4 Ba7
15. Rad1 Qg5 16. Bc1 Qf6 17. Bxf4 Qxf4 18. Bg4 Rad8 19. Kh1 Qf6 20. Ne3 Ne7 21.
g3 Bxe3 22. fxe3 Qc6 23. Rxd8 Rxd8 24. Qf2 Qxe4+ 25. Bf3 Qf5 26. g4 Qf6 27. h4
Nc6 28. g5 Qe7 29. Be2 Rd2 30. Qg2 g6 31. Qg4 Qe6 32. Qf3 e4 33. Qg2 Rxa2 34.
Rf6 Ra1+ 35. Bf1 Qc4 36. Kh2 Qxc3 37. Qxe4 Ra2+ 38. Bg2 Qxb4 39. Qe8+ Qf8 40.
Qd7 Qe7 41. Qc8+ Qd8 42. Qxb7 Qd5 43. Qc8+ Kg7 44. Qg4 Ne5 45. Qg3 0-1

[Event "Tournoi Skype 032B"]
[Site "Skype"]
[Date "????.??.??"]
[Round "2.11"]
[White "Cengiz, Ali Ekber"]
[Black "Montilla Bejarano, Mey"]
[Result "1-0"]
[WhiteElo "1544"]
[BlackElo "1450"]
[PlyCount "53"]

1. e4 d5 2. exd5 Nf6 3. Nc3 Nxd5 4. Ne4 Bf5 5. Ng3 Bg6 6. d4 e6 7. c3 c6 8. Nf3
h6 9. Be2 Bd6 10. Nf1 O-O 11. h3 f5 12. Bd2 Nd7 13. Qb3 b5 14. Ne3 Nxe3 15.
Bxe3 Rb8 16. Qxe6+ Bf7 17. Qxd6 Rc8 18. Qg3 Qf6 19. O-O Be6 20. Bf4 Rf7 21. Ne5
Nxe5 22. Bxe5 Qe7 23. Bh5 f4 24. Bxf7+ Qxf7 25. Bxf4 Kh8 26. Be5 Rg8 27. f4 1-0

[Event "Tournoi Skype 032B"]
[Site "Skype"]
[Date "????.??.??"]
[Round "2.12"]
[White "Yepez, German"]
[Black "Hernandez, Enrique"]
[Result "0-1"]
[WhiteElo "1476"]
[BlackElo "1543"]
[PlyCount "70"]

1. e4 e5 2. Nf3 d6 3. d4 Nd7 4. Bc4 c6 5. Bg5 Be7 6. h4 Ngf6 7. dxe5 Nxe4 8.
exd6 Bxg5 9. hxg5 O-O 10. Bd3 Qa5+ 11. Kf1 Ndc5 12. c3 Nxd3 13. Qxd3 Qd5 14.
Qc2 Bf5 15. Qa4 b5 16. Qb3 Nxd6 17. Qxd5 cxd5 18. Nd4 Bd3+ 19. Kg1 Ne4 20. Na3
Nxg5 21. Rd1 Be4 22. f3 a6 23. fxe4 dxe4 24. Nf5 Rfe8 25. Kf2 Ne6 26. Rd7 Nc5
27. Re7 Rf8 28. b4 Na4 29. c4 bxc4 30. Nxc4 Rac8 31. Rxe4 Nc3 32. Rd4 Nxa2 33.
Ne5 Rc2+ 34. Kg3 Nc3 35. Ra1 Ne2+ 0-1

[Event "Tournoi Skype 032B"]
[Site "Skype"]
[Date "????.??.??"]
[Round "2.13"]
[White "Mira Poveda, Jose Antonio"]
[Black "Marin Gomez, Ian Javier"]
[Result "1-0"]
[WhiteElo "1542"]
[BlackElo "1442"]
[PlyCount "41"]

1. e4 e5 2. Nf3 Nc6 3. Bc4 Bc5 4. d3 h6 5. O-O Nf6 6. c3 O-O 7. d4 exd4 8. e5
Ne4 9. cxd4 Bb6 10. Re1 d5 11. Bb3 Bg4 12. Nc3 Nxd4 13. Nxe4 dxe4 14. Rxe4 Qd7
15. Be3 Rad8 16. Bxd4 Bxd4 17. Rxd4 Bxf3 18. Rxd7 Bxd1 19. Rdxd1 Rfe8 20. Rxd8
Rxd8 21. f4 1-0

[Event "Tournoi Skype 032B"]
[Site "Skype"]
[Date "????.??.??"]
[Round "2.14"]
[White "Bland, Marilyn"]
[Black "Battaglia, Gabriele"]
[Result "0-1"]
[WhiteElo "1468"]
[BlackElo "1535"]
[PlyCount "60"]

1. e4 c5 2. b4 b6 3. Nf3 d6 4. d4 cxd4 5. Nxd4 Bb7 6. Bd3 Nf6 7. Nc3 g6 8. a3
Bg7 9. Nf3 Nxe4 10. Bb2 Nxc3 11. Qd2 O-O 12. Bxc3 e5 13. Be2 Qc7 14. Rd1 Rd8
15. O-O Nc6 16. Rfe1 Rac8 17. Bb2 Ne7 18. c4 Nf5 19. a4 Bxf3 20. Bxf3 Qxc4 21.
Rc1 Qe6 22. Bd5 Qe7 23. f4 Qd7 24. b5 Bh6 25. Be4 Bxf4 26. Bxf5 Qxf5 27. Qf2
Bxc1 28. Qxf5 gxf5 29. Bxc1 Kg7 30. Bg5 Rd7 0-1

[Event "Tournoi Skype 032B"]
[Site "Skype"]
[Date "????.??.??"]
[Round "2.16"]
[White "Vargas, Elvin"]
[Black "Le Bouill, Pierre"]
[Result "0-1"]
[WhiteElo "1443"]
[BlackElo "1534"]
[PlyCount "58"]

1. e4 e5 2. Nf3 d6 3. Bc4 h6 4. O-O Nf6 5. Nc3 c6 6. a3 Be7 7. d3 O-O 8. Be3
Bg4 9. h3 Bh5 10. d4 exd4 11. Bxd4 d5 12. exd5 cxd5 13. Be2 Nc6 14. Ne5 Bxe2
15. Qxe2 Nxd4 16. Qd1 Nc6 17. Re1 Nxe5 18. Rxe5 Bd6 19. Rf5 Re8 20. Nxd5 Nxd5
21. Rxd5 Re6 22. c4 Qe7 23. c5 Bxc5 24. b4 Bd6 25. Kf1 Rd8 26. Qd2 Bc7 27. Re1
Rxe1+ 28. Qxe1 Qxe1+ 29. Kxe1 Rxd5 0-1

[Event "Tournoi Skype 032B"]
[Site "Skype"]
[Date "????.??.??"]
[Round "2.17"]
[White "Radice, Marco"]
[Black "Hernandez, Ivan"]
[Result "1-0"]
[WhiteElo "1534"]
[BlackElo "1413"]
[PlyCount "65"]

1. d4 Nf6 2. Nf3 c5 3. c3 g6 4. Bf4 Bg7 5. e3 O-O 6. h3 Nc6 7. Nbd2 b5 8. Bxb5
Qa5 9. a4 Ba6 10. Nb3 Qb6 11. O-O Bxb5 12. axb5 e6 13. bxc6 Qxc6 14. dxc5 Ne8
15. Ne5 Bxe5 16. Bxe5 Rd8 17. Qc1 d6 18. cxd6 Nxd6 19. Nd4 Qb7 20. Re1 f6 21.
Nxe6 fxe5 22. Nxd8 Rxd8 23. Rd1 Kf7 24. b4 Kf6 25. c4 Qxb4 26. c5 Nf7 27. Ra6+
Kf5 28. Rxd8 Nxd8 29. Rxa7 h5 30. c6 Nxc6 31. Qxc6 Qb1+ 32. Kh2 Qe4 33. Rf7+
1-0

[Event "Tournoi Skype 032B"]
[Site "Skype"]
[Date "????.??.??"]
[Round "2.18"]
[White "Bledsoe, Megan"]
[Black "Parrales, Rodolfo"]
[Result "0-1"]
[WhiteElo "1436"]
[BlackElo "1533"]
[PlyCount "96"]

1. Nf3 g6 2. d4 Bg7 3. Bf4 d6 4. c4 Nd7 5. Nc3 e5 6. dxe5 dxe5 7. Nxe5 Bxe5 8.
Bxe5 Nxe5 9. Qxd8+ Kxd8 10. O-O-O+ Bd7 11. e3 Ng4 12. Rd2 N8f6 13. h3 Ne5 14.
Bd3 Nxd3+ 15. Rxd3 c6 16. Rhd1 Kc7 17. e4 Rhe8 18. f3 Nh5 19. Rxd7+ Kb6 20.
Rxf7 h6 21. Rd6 Rg8 22. Rh7 Nf4 23. Rxh6 Kc5 24. Rf6 Raf8 25. e5 Kxc4 26. Ne4
Nd3+ 27. Kb1 Nxe5 28. Rxf8 Rxf8 29. Nd6+ Kd4 30. Nxb7 Ke3 31. Rh4 Kf2 32. Ra4
Kxg2 33. f4 Nd3 34. Kc2 Nxf4 35. Rxa7 Kxh3 36. Ra6 g5 37. Rxc6 g4 38. Rc3+ g3
39. a4 Kh2 40. Kb3 g2 41. Rc2 Rb8 42. a5 Rxb7+ 43. Ka4 Nd5 44. a6 Ra7 45. Ka5
Kh1 46. Rc1+ g1=Q 47. Rxg1+ Kxg1 48. b4 Nxb4 0-1

[Event "Tournoi Skype 032B"]
[Site "Skype"]
[Date "????.??.??"]
[Round "2.19"]
[White "Alarcon Alarcon, Marina"]
[Black "Capanema, Gleber"]
[Result "0-1"]
[WhiteElo "1527"]
[BlackElo "1400"]
[PlyCount "22"]

1. e4 c5 2. Nf3 g6 3. Nc3 Bg7 4. Bb5 a6 5. Be2 Nf6 6. d3 d5 7. e5 Ng4 8. h3
Nxe5 9. Bf4 Nxf3+ 10. Bxf3 e5 11. Ne4 dxe4 0-1

[Event "Tournoi Skype 032B"]
[Site "Skype"]
[Date "????.??.??"]
[Round "2.20"]
[White "Ozturk, Ozgur"]
[Black "Barrera Mendoza, Carlos"]
[Result "0-1"]
[WhiteElo "1435"]
[BlackElo "1521"]
[PlyCount "78"]

1. e4 e5 2. d4 exd4 3. Qxd4 Nc6 4. Qe3 b6 5. Nc3 Bc5 6. Qg3 Bd4 7. Nge2 Be5 8.
f4 Bf6 9. e5 Bh4 10. Be3 Bxg3+ 11. Nxg3 d6 12. O-O-O Nh6 13. exd6 Ng4 14. dxc7
Qxc7 15. Bd2 O-O 16. Re1 Bb7 17. Bd3 Nf2 18. Rhf1 Nxd3+ 19. cxd3 Nb4 20. Kb1
Nxd3 21. Re3 Rad8 22. Nce4 Bxe4 23. Nxe4 Rfe8 24. Rfe1 Nxf4 25. Bc3 Nxg2 26.
Rg1 Rd1+ 27. Rxd1 Nxe3 28. Rd4 Qxh2 29. a3 Qg1+ 30. Ka2 f5 31. Nd2 a5 32. Nf3
Qf2 33. Nd2 Nc2 34. Rd7 Qg2 35. Kb3 Ne3 36. Nc4 a4+ 37. Kb4 Nxc4 38. Kxc4 Qc6+
39. Kd3 Qxd7+ 0-1

[Event "Tournoi Skype 032B"]
[Site "Skype"]
[Date "????.??.??"]
[Round "2.21"]
[White "Bendre, Nilesh"]
[Black "Roberts, Mario"]
[Result "0-1"]
[WhiteElo "1400"]
[BlackElo "1519"]
[PlyCount "70"]

1. e4 c5 2. Nf3 Nc6 3. c3 a6 4. Bc4 e6 5. d4 b5 6. Be2 cxd4 7. cxd4 Bb4+ 8. Bd2
Bb7 9. Bxb4 Nxb4 10. Qd2 Qa5 11. O-O Nc6 12. Qc2 Nge7 13. Nc3 d5 14. exd5 Nb4
15. Qb3 Nbxd5 16. Nxd5 Bxd5 17. Qa3 Qb6 18. Rac1 Rc8 19. Rxc8+ Nxc8 20. Rc1 Nd6
21. Ne5 Qd8 22. Qxa6 O-O 23. Bf3 Bxf3 24. Nxf3 f6 25. h3 Qd7 26. Rc6 Ne4 27.
Rxe6 f5 28. Rb6 Rc8 29. Rxb5 h6 30. Rb7 Rc1+ 31. Kh2 Qe8 32. Qg6 Qxg6 33. Rb8+
Kh7 34. Ne5 Qg5 35. Nf3 Qf4+ 0-1

[Event "Tournoi Skype 032B"]
[Site "Skype"]
[Date "????.??.??"]
[Round "2.23"]
[White "De Deus, Licelia"]
[Black "Jimenez Del Rosario, Alsis Raynely"]
[Result "0-1"]
[WhiteElo "1400"]
[BlackElo "1515"]
[PlyCount "62"]

1. e4 b6 2. Nf3 Bb7 3. Nc3 Nf6 4. d3 Nc6 5. Be2 e5 6. Bg5 Bb4 7. O-O Bxc3 8.
bxc3 h6 9. Bh4 g5 10. Bg3 Qe7 11. d4 exd4 12. cxd4 O-O-O 13. e5 Nh5 14. Bb5
Nxg3 15. fxg3 d6 16. d5 Nxe5 17. Nxe5 dxe5 18. c4 f5 19. Rxf5 Bxd5 20. cxd5
Qc5+ 21. Kh1 Rxd5 22. Qf3 Qxb5 23. Rd1 Rxd1+ 24. Qxd1 Re8 25. Kg1 Qc4 26. Qf3
e4 27. Qg4 Qe6 28. Qh5 e3 29. g4 e2 30. Rf1 exf1=Q+ 31. Kxf1 Qe1# 0-1

[Event "Tournoi Skype 032B"]
[Site "Skype"]
[Date "????.??.??"]
[Round "2.24"]
[White "Khatanhar, Mohit"]
[Black "Saglam, Derya"]
[Result "1/2-1/2"]
[WhiteElo "1515"]
[BlackElo "1400"]
[PlyCount "83"]

1. e4 e5 2. Nf3 Nc6 3. Bc4 Nf6 4. d3 Bc5 5. c3 O-O 6. d4 Bd6 7. Qd3 a6 8. a3
Qe7 9. O-O b5 10. b4 bxc4 11. Qxc4 h6 12. Re1 Bb7 13. Nbd2 Nd8 14. Bb2 Ne6 15.
dxe5 Ne8 16. exd6 Nxd6 17. Qd3 Ng5 18. Nxg5 Qxg5 19. c4 f6 20. c5 Nf7 21. Re3
Bc6 22. Rg3 Qf4 23. Re1 Ne5 24. Bxe5 fxe5 25. Rf3 Qg4 26. Ree3 Rf4 27. Rg3 Qe6
28. h3 Raf8 29. Ref3 g5 30. Rg4 Bb5 31. Qe3 Rxg4 32. hxg4 Qxg4 33. Qb3+ Kg7 34.
Rxf8 Kxf8 35. f3 Qf4 36. Qd5 Qe3+ 37. Kh1 Qe1+ 38. Kh2 Qh4+ 39. Kg1 Qe1+ 40.
Kh2 Qh4+ 41. Kg1 Qe1+ 42. Kh2 1/2-1/2

[Event "Tournoi Skype 032B"]
[Site "Skype"]
[Date "????.??.??"]
[Round "2.25"]
[White "Valmalette, Alain"]
[Black "Solomon, Russel"]
[Result "0-1"]
[WhiteElo "1513"]
[BlackElo "1400"]
[PlyCount "42"]

1. d4 Nf6 2. c4 e6 3. Nc3 Be7 4. Bf4 O-O 5. Nf3 d5 6. e3 c5 7. Bd3 cxd4 8. Nxd4
Nbd7 9. O-O e5 10. Nxd5 Nxd5 11. cxd5 exf4 12. exf4 Nf6 13. h3 Qxd5 14. Bb5 Nh5
15. f3 Bc5 16. Kh1 Ng3+ 17. Kh2 Nxf1+ 18. Bxf1 Rd8 19. Qa4 Qxd4 20. Rd1 Qg1+
21. Kg3 Bf2# 0-1

[Event "Tournoi Skype 032B"]
[Site "Skype"]
[Date "????.??.??"]
[Round "2.26"]
[White "Bosetti, Giancarlo"]
[Black "Guillaume, Mickael"]
[Result "0-1"]
[WhiteElo "1389"]
[BlackElo "1511"]
[PlyCount "54"]

1. e4 e5 2. d4 exd4 3. Qxd4 Nc6 4. Qe3 Nf6 5. Nc3 Bb4 6. Bd2 O-O 7. O-O-O Re8
8. f3 d5 9. Qf2 dxe4 10. Bg5 Qe7 11. Nxe4 Bf5 12. Bxf6 gxf6 13. Bd3 Bg6 14. Qe3
f5 15. Nh3 fxe4 16. fxe4 f5 17. Rhf1 fxe4 18. Bc4+ Kh8 19. Nf4 Bf7 20. Bxf7
Qxf7 21. Ne2 Qxa2 22. c3 Bd6 23. h3 Na5 24. Qd4+ Re5 25. Qf2 Rb5 26. Qf6+ Kg8
27. Qg5+ Rxg5 0-1

[Event "Tournoi Skype 032B"]
[Site "Skype"]
[Date "????.??.??"]
[Round "2.27"]
[White "Barba Cepeda, Julio Cesar"]
[Black "Mgwevela, Luzuko"]
[Result "1-0"]
[WhiteElo "1508"]
[BlackElo "1381"]
[PlyCount "45"]

1. e4 e5 2. Nf3 Nc6 3. Bc4 Bc5 4. b4 Bxb4 5. c3 Bc5 6. d4 exd4 7. cxd4 Bb6 8.
O-O Nf6 9. e5 Ng8 10. Nc3 Nge7 11. Bxf7+ Kxf7 12. Ng5+ Ke8 13. Qh5+ g6 14. Qh6
Nf5 15. Qh3 d5 16. Qf3 Bxd4 17. Nxd5 Nxe5 18. Qe4 Bxa1 19. Bf4 Qf6 20. Nxf6+
Ke7 21. Bxe5 Bxe5 22. Qxe5+ Kd8 23. Nf7# 1-0

[Event "Tournoi Skype 032B"]
[Site "Skype"]
[Date "????.??.??"]
[Round "2.28"]
[White "Rodgerson, Michael"]
[Black "Rosenkoetter, David"]
[Result "0-1"]
[WhiteElo "1307"]
[BlackElo "1505"]
[PlyCount "48"]

1. d4 Nf6 2. Nf3 d6 3. e3 Bf5 4. Bd3 Bxd3 5. cxd3 g6 6. O-O Bg7 7. Nbd2 c6 8.
b3 Nbd7 9. Ba3 Qc7 10. Qc2 O-O 11. b4 b5 12. Qb3 Ne8 13. Rac1 e5 14. Rfe1 a6
15. dxe5 Nxe5 16. d4 Nd7 17. e4 Nef6 18. Bb2 d5 19. exd5 Nxd5 20. Ng5 N7f6 21.
Rc5 a5 22. bxa5 Qxa5 23. Rxc6 Qxd2 24. Rc7 Qxe1# 0-1

[Event "Tournoi Skype 032B"]
[Site "Skype"]
[Date "????.??.??"]
[Round "2.30"]
[White "Busto, Ricardo"]
[Black "Schllosser, Marcos Antonio"]
[Result "1-0"]
[WhiteElo "1585"]
[BlackElo "1328"]
[PlyCount "49"]

1. c4 c5 2. Nc3 Nf6 3. Nf3 d6 4. g3 e5 5. Bg2 Nc6 6. O-O Be6 7. b3 a6 8. e3 Be7
9. Bb2 O-O 10. d3 Bf5 11. Ne1 Re8 12. Qd2 Bd7 13. f4 exf4 14. exf4 Nb4 15. a3
Nc6 16. Nf3 Rb8 17. Rae1 Be6 18. Ng5 Bf5 19. Nce4 Ng4 20. h3 Nh6 21. Qc3 Bf6
22. Nxf6+ gxf6 23. Rxe8+ Qxe8 24. Qxf6 Bxd3 25. Qg7# 1-0

[Event "Tournoi Skype 032B"]
[Site "Skype"]
[Date "????.??.??"]
[Round "2.32"]
[White "Codina, Teresa"]
[Black "Baker, Abi"]
[Result "1-0"]
[WhiteElo "1548"]
[BlackElo "1438"]
[PlyCount "75"]

1. d4 Nf6 2. Nf3 b6 3. b3 Bb7 4. Bb2 e6 5. a3 Qe7 6. e3 Na6 7. Be2 O-O-O 8. O-O
h5 9. Nbd2 Ng4 10. h3 f5 11. Ne5 Nxe5 12. dxe5 Qh4 13. Nf3 Bxf3 14. Bxf3 g5 15.
g3 g4 16. gxh4 gxh3 17. Kh2 Be7 18. Kxh3 Rdg8 19. Bxh5 Rh7 20. Qe2 Kb7 21. Rg1
Rgh8 22. Bf3+ c6 23. Kg2 Bxh4 24. Rh1 Rg8+ 25. Kf1 Nc5 26. Rd1 Ne4 27. Rg1 Ng3+
28. Rxg3 Bxg3 29. fxg3 Rxg3 30. Bg2 Rf7 31. Bc1 f4 32. exf4 a5 33. Rd3 Rgg7 34.
c4 Ka6 35. Be3 c5 36. Rd6 Rg6 37. Qf3 a4 38. Qa8# 1-0

[Event "Tournoi Skype 032B"]
[Site "Skype"]
[Date "????.??.??"]
[Round "2.33"]
[White "Vincent, Andre"]
[Black "De Souza, Luciano"]
[Result "1/2-1/2"]
[WhiteElo "1533"]
[BlackElo "1407"]
[PlyCount "85"]

1. Nf3 Nf6 2. d4 g6 3. g3 Bg7 4. Bg2 d5 5. e3 O-O 6. Nbd2 c6 7. c4 Nbd7 8. O-O
Re8 9. b3 a5 10. a4 e5 11. Bb2 exd4 12. exd4 Ne4 13. Rc1 Bh6 14. cxd5 cxd5 15.
Rc2 Ndf6 16. h3 Qb6 17. Bc3 Nxc3 18. Rxc3 Ne4 19. Nxe4 dxe4 20. Ne1 Bg7 21. Nc2
h5 22. Re1 f5 23. f4 Be6 24. Ree3 Rac8 25. Rxc8 Rxc8 26. Qb1 Bc4 27. Rc3 Bxd4+
28. Nxd4 Qxd4+ 29. Kh2 Qxc3 30. bxc4 Qb4 31. Qd1 Rxc4 32. Qd5+ Kg7 33. Qe5+ Kf7
34. Qd5+ Ke7 35. Qe5+ Kd7 36. Qg7+ Qe7 37. Qxg6 e3 38. Qxf5+ Qe6 39. Qb5+ Kd6
40. Qb6+ Kd7 41. Qxb7+ Ke8 42. Qb8+ Rc8 43. Qb5+ 1/2-1/2

[Event "Tournoi Skype 032B"]
[Site "Skype"]
[Date "????.??.??"]
[Round "2.36"]
[White "Gerbaux, Regis"]
[Black "Abate, Luigi"]
[Result "1-0"]
[WhiteElo "1400"]
[BlackElo "1506"]
[PlyCount "63"]

1. e4 e5 2. Nf3 Nc6 3. c3 d6 4. Bc4 h6 5. d4 Bg4 6. h3 Bh5 7. O-O Nf6 8. Nbd2
exd4 9. cxd4 Nxd4 10. Qa4+ Nc6 11. Bb5 Qd7 12. e5 Nh7 13. Nc4 a6 14. exd6 Bxd6
15. Nfe5 Bxe5 16. Nxe5 Qd6 17. Bxc6+ bxc6 18. Nxc6 O-O 19. Bf4 Qd7 20. f3 Bg6
21. Rad1 Qc8 22. Ne7+ Kh8 23. Nxc8 Rfxc8 24. Rd7 Nf6 25. Rxc7 Nd5 26. Rxc8+
Rxc8 27. Qd7 Rc5 28. Qd8+ Kh7 29. Bg3 Nf6 30. Re1 Rd5 31. Qa8 Rd6 32. Bxd6 1-0

[Event "Tournoi Skype 032B"]
[Site "Skype"]
[Date "????.??.??"]
[Round "2.37"]
[White "Viatge, Fabrice"]
[Black "Chamorro Cajina, Ivan Antonio"]
[Result "0-1"]
[WhiteElo "1400"]
[BlackElo "1490"]
[PlyCount "58"]

1. f4 c5 2. Nf3 Nc6 3. e3 d5 4. Bb5 Bd7 5. b3 g6 6. Bb2 f6 7. Bxc6 Bxc6 8. d3
Bg7 9. Nbd2 Nh6 10. O-O O-O 11. Qe1 Re8 12. g3 e5 13. fxe5 fxe5 14. Qf2 e4 15.
Bxg7 Kxg7 16. Nh4 d4 17. Rae1 Nf5 18. Qf4 Nxe3 19. Rxe3 dxe3 20. Qxe3 exd3 21.
Qxd3 Qxd3 22. cxd3 Rad8 23. Nhf3 Bxf3 24. Nxf3 Rxd3 25. Rf2 Red8 26. Kh1 b5 27.
Ne5 Rd2 28. Rxd2 Rxd2 29. Nc4 bxc4 0-1

[Event "Tournoi Skype 032B"]
[Site "Skype"]
[Date "????.??.??"]
[Round "2.38"]
[White "Samudio Villarreal, Eduardo"]
[Black "Mfengu, Daluthando"]
[Result "0-1"]
[WhiteElo "1379"]
[BlackElo "1483"]
[PlyCount "32"]

1. d4 d5 2. Be3 c5 3. c4 dxc4 4. Nd2 cxd4 5. Bf4 Nc6 6. Nxc4 e5 7. Bg3 Bb4+ 8.
Nd2 Nf6 9. a3 Bxd2+ 10. Qxd2 Ne4 11. Qd3 Qa5+ 12. b4 Nxb4 13. Qxe4 Nd3+ 14. Kd1
Qe1+ 15. Kc2 Qc3+ 16. Kd1 Nb2# 0-1

[Event "Tournoi Skype 032B"]
[Site "Skype"]
[Date "????.??.??"]
[Round "2.39"]
[White "Tolaro, Filippa"]
[Black "Mendoza Lainez, Ricardo Jose"]
[Result "1-0"]
[WhiteElo "1400"]
[BlackElo "1452"]
[PlyCount "67"]

1. d4 d5 2. Nf3 Nc6 3. e3 Nf6 4. Bd3 Bg4 5. Nbd2 Qd7 6. h3 Bh5 7. O-O O-O-O 8.
b3 g5 9. g4 Bxg4 10. hxg4 Qxg4+ 11. Kh1 Qh3+ 12. Nh2 g4 13. Bf5+ e6 14. Bxg4
Nxg4 15. Qxg4 Qxg4 16. Nxg4 h5 17. Nf6 h4 18. Nf3 h3 19. Rg1 Ne7 20. Bd2 Ng6
21. Ng5 h2 22. Rg2 Be7 23. Nxf7 Bxf6 24. Nxh8 Nxh8 25. Rxh2 e5 26. Rg1 Nf7 27.
Rg6 Bh8 28. Bb4 b6 29. Be7 Re8 30. Bf6 Bxf6 31. Rxf6 Ng5 32. dxe5 c5 33. Rh5
Ne4 34. Rf7 1-0

[Event "Tournoi Skype 032B"]
[Site "Skype"]
[Date "????.??.??"]
[Round "2.40"]
[White "Farfallini, Michel"]
[Black "Osti, Giorgio"]
[Result "1-0"]
[WhiteElo "1642"]
[BlackElo "1400"]
[PlyCount "67"]

1. d4 d5 2. Nf3 Nf6 3. Bf4 g6 4. c4 dxc4 5. e4 Nxe4 6. Nc3 Nxc3 7. bxc3 b5 8.
a4 a6 9. axb5 a5 10. Bxc4 e6 11. O-O Bg7 12. d5 O-O 13. Qb3 Nd7 14. Be3 c5 15.
dxe6 Nb6 16. exf7+ Kh8 17. Bxc5 Be6 18. Bxe6 Rb8 19. Bxf8 Qxf8 20. Rad1 a4 21.
Qc2 Ra8 22. Rfe1 Nc8 23. Bd7 Qxf7 24. Re8+ Bf8 25. Qe4 Rb8 26. Qe5+ Kg8 27. Be6
Nd6 28. Bxf7+ Nxf7 29. Qxb8 Kg7 30. Rxf8 Kf6 31. Qc7 Kg7 32. Qxf7+ Kh6 33. Rh8
a3 34. Qxh7# 1-0

[Event "Tournoi Skype 032B"]
[Site "Skype"]
[Date "????.??.??"]
[Round "2.42"]
[White "Coraza, Diana"]
[Black "Hargez, Dany"]
[Result "0-1"]
[WhiteElo "1400"]
[BlackElo "1578"]
[PlyCount "86"]

1. e4 e5 2. Nf3 d5 3. d3 Bd6 4. Nc3 Nf6 5. Bg5 O-O 6. Qd2 d4 7. Nd5 Nbd7 8.
O-O-O c6 9. Nxf6+ Nxf6 10. g3 a5 11. Nh4 Be7 12. f4 Nd7 13. Nf3 h6 14. h4 f6
15. f5 b5 16. Bxh6 Rf7 17. h5 gxh6 18. Nh4 Rg7 19. Ng6 Rh7 20. Rh4 Nf8 21. Qe2
Nxg6 22. hxg6 Rg7 23. Bg2 Bf8 24. Rxh6 Re7 25. Qh5 Bxh6+ 26. Kb1 Kg7 27. Rh1
Qh8 28. Qg4 Kg8 29. Bf3 Rg7 30. Bd1 Kf8 31. c3 dxc3 32. bxc3 b4 33. d4 bxc3 34.
Qe2 Rb8+ 35. Kc2 Rb2+ 36. Kd3 Rxe2 37. Bxe2 exd4 38. Rb1 Ba6+ 39. Kxd4 Bxe2 40.
Kxc3 Rd7 41. Rb8+ Kg7 42. Rxh8 Kxh8 43. g4 Rd3+ 0-1

[Event "Tournoi Skype 032B"]
[Site "Skype"]
[Date "????.??.??"]
[Round "2.44"]
[White "Ahrens, Melanie"]
[Black "Clavero, Maria"]
[Result "1-0"]
[WhiteElo "1550"]
[BlackElo "1400"]
[PlyCount "53"]

1. e4 e5 2. Nf3 Nc6 3. Bb5 a6 4. Ba4 b5 5. Bb3 h6 6. O-O Nf6 7. d3 Bc5 8. c3
O-O 9. Re1 d6 10. d4 exd4 11. cxd4 Nxd4 12. Nxd4 Bg4 13. Qd3 Re8 14. Bd2 d5 15.
e5 Ne4 16. f3 Nxd2 17. Nxd2 Bh5 18. Rac1 Bg6 19. Qe3 Bb6 20. Bc2 Bxc2 21. Rxc2
Qe7 22. N2b3 Rad8 23. Kh1 Qg5 24. Qxg5 hxg5 25. e6 Bxd4 26. Nxd4 Re7 27. Nc6
1-0

[Event "Tournoi Skype 032B"]
[Site "Skype"]
[Date "????.??.??"]
[Round "2.45"]
[White "Facco Comunello, Lorenzo"]
[Black "Bucherie, Volcy"]
[Result "1-0"]
[WhiteElo "1400"]
[BlackElo "1538"]
[PlyCount "103"]

1. e4 c6 2. d4 d5 3. e5 Bf5 4. Bd3 Bxd3 5. Qxd3 e6 6. Ne2 Qa5+ 7. Nd2 Bb4 8. c3
Be7 9. b4 Qb6 10. Nb3 Nd7 11. Be3 a5 12. bxa5 Qb5 13. Qxb5 cxb5 14. Bd2 b6 15.
axb6 Nxb6 16. Bf4 b4 17. O-O bxc3 18. Nxc3 Rc8 19. Nb5 Nc4 20. Nd2 Rc6 21. Nxc4
dxc4 22. Nc3 Bb4 23. Rfc1 Ba3 24. Rc2 Ne7 25. Nb5 O-O 26. Nxa3 c3 27. Nb5 Nd5
28. Bc1 Rb8 29. a4 Rc4 30. Ra3 Rbc8 31. Nd6 Rxd4 32. g3 Rd8 33. Be3 Rd1+ 34.
Kg2 Re1 35. Bd4 Rd1 36. Bxc3 Rd3 37. Bb2 Nb4 38. Rxd3 Nxc2 39. Rc3 Ne1+ 40. Kf1
Kf8 41. Kxe1 Ke7 42. Rc7+ Rd7 43. Rxd7+ Kxd7 44. Nxf7 Ke7 45. a5 Kxf7 46. Kd2
Kg6 47. a6 Kf5 48. a7 Ke4 49. a8=Q+ Kf5 50. Qa4 g5 51. Ke3 h5 52. Qe4# 1-0